[Event "USA tt"]
[Site "ICC INT"]
[Date "2014.09.23"]
[Round "5"]
[White "Ghatti, Sanjay"]
[Black "Golub, David"]
[Result "0-1"]
[WhiteElo "2024"]
[BlackElo "2183"]
[PlyCount "138"]
[EventDate "2014.08.26"]
[EventType "team-tourn"]
[EventRounds "10"]
[EventCountry "USA"]
[SourceTitle "CBM 162 Extra"]
[Source "ChessBase"]
[SourceDate "2014.10.17"]
[SourceVersion "1"]
[SourceVersionDate "2014.10.17"]
[SourceQuality "1"]
[WhiteTeam "Atlanta"]
[BlackTeam "Seattle"]
[WhiteTeamCountry "USA"]
[BlackTeamCountry "USA"]

1. e4 c5 2. Nf3 d6 3. d4 cxd4 4. Nxd4 Nf6 5. Nc3 a6 6. Be2 e5 7. Nb3 Be7 8. Bg5 Be6 9. Bxf6 Bxf6 10. Qd3 0-0 11. 0-0 Qc7 12. Nd5 Bxd5 13. Qxd5 Nd7 14. Rad1 Be7 15. c3 b5 16. Kh1 Rfd8 17. Bf3 Nb6 18. Qd3 Bg5 19. g3 Qc4 20. Be2 Na4 21. f4 Bf6 22. Qc2 Qc6 23. Na5 Qc7 24. Nc4 exf4 25. gxf4 d5 26. Ne3 dxe4 27. Nd5 Qd6 28. Qxe4 Nxb2 29. Rd2 Na4 30. Rfd1 Re8 31. Qf5 Nb6 32. Nxf6+ Qxf6 33. Qxf6 gxf6 34. Bf3 Rab8 35. Rd6 Re6 36. f5 Rxd6 37. Rxd6 Kg7 38. Bd1 a5 39. Be2 Na4 40. Rd3 Rb7 41. Rg3+ Kf8 42. Kg2 Rc7 43. Bxb5 Nxc3 44. a4 Nxb5 45. axb5 Rc2+ 46. Kh3 Rb2 47. Kg4 Rxb5 48. Ra3 Kg7 49. Kf4 Rb4+ 50. Kg3 a4 51. Kg2 h5 52. Kf2 Kh6 53. Rg3 Rf4+ 54. Ke3 Rxf5 55. Rg8 Ra5 56. Rh8+ Kg7 57. Rd8 a3 58. Rd1 a2 59. Ra1 Kg6 60. Kf4 Ra4+ 61. Kf3 Kf5 62. Ke3 h4 63. Kf3 Ra3+ 64. Kg2 Kg4 65. h3+ Kg5 66. Kh2 f5 67. Kg2 f4 68. Kh2 Kf5 69. Kg2 Ke4 0-1

[Event "USA tt"]
[Site "ICC INT"]
[Date "2014.09.16"]
[Round "4"]
[White "Golub, David"]
[Black "Guerrero Rodriguez, Alejandra"]
[Result "1-0"]
[WhiteElo "2183"]
[BlackElo "2044"]
[PlyCount "93"]
[EventDate "2014.08.26"]
[EventType "team-tourn"]
[EventRounds "10"]
[EventCountry "USA"]
[SourceTitle "CBM 162 Extra"]
[Source "ChessBase"]
[SourceDate "2014.10.17"]
[SourceVersion "1"]
[SourceVersionDate "2014.10.17"]
[SourceQuality "1"]
[WhiteTeam "Seattle"]
[BlackTeam "Rio Grande"]
[WhiteTeamCountry "USA"]
[BlackTeamCountry "USA"]

1. Nf3 c5 2. e4 g6 3. d4 cxd4 4. Nxd4 Bg7 5. Nc3 Nc6 6. Be3 Nf6 7. Bc4 0-0 8. Bb3 Qa5 9. f3 b5 10. Ndxb5 Ba6 11. Nd4 Ne5 12. Qd2 Rab8 13. Rd1 Rfc8 14. Kf2 Nc4 15. Bxc4 Bxc4 16. Nb3 Bxb3 17. axb3 Rb7 18. Rhe1 d6 19. Kg1 Qh5 20. Ra1 a5 21. Bd4 Bh6 22. Be3 Bg7 23. Ne2 Rb4 24. Nf4 Qb5 25. Nd3 Nd7 26. c4 Qb7 27. Nxb4 Qxb4 28. Qxb4 axb4 29. Ra7 Nc5 30. Bxc5 dxc5 31. e5 f6 32. Rxe7 fxe5 33. Rd1 Bf6 34. Ra7 e4 35. Rda1 exf3 36. gxf3 Bxb2 37. Ra8 Rxa8 38. Rxa8+ Kg7 39. Ra7+ Kh6 40. f4 Bc1 41. Rf7 Kh5 42. Kg2 h6 43. Kg3 Be3 44. h3 Bd4 45. Rd7 Be3 46. Rd3 g5 47. Rxe3 1-0

[Event "Washington State-ch"]
[Site "Seattle"]
[Date "2014.02.09"]
[Round "4"]
[White "Perez, Ignacio"]
[Black "Golub, David"]
[Result "1/2-1/2"]
[WhiteElo "2196"]
[BlackElo "2184"]
[PlyCount "86"]
[EventDate "2014.02.08"]
[EventType "tourn"]
[EventRounds "9"]
[EventCountry "USA"]
[SourceTitle "EXT 2017"]
[Source "ChessBase"]
[SourceDate "2016.10.25"]
[SourceVersion "1"]
[SourceVersionDate "2016.10.25"]
[SourceQuality "1"]

1. e4 e5 2. Nf3 Nc6 3. Bb5 Nf6 4. d3 Bc5 5. c3 0-0 6. 0-0 Re8 7. Nbd2 a6 8. Ba4 b5 9. Bc2 d6 10. a4 Bb7 11. h3 Bb6 12. Re1 Ne7 13. Nf1 Ng6 14. Ng3 d5 15. Qe2 c5 16. Qf1 dxe4 17. dxe4 c4 18. Bg5 Re6 19. Nh5 Qc7 20. Nxf6+ gxf6 21. Be3 Rd8 22. axb5 axb5 23. Nh2 Bxe3 24. Rxe3 Rd2 25. Qc1 Qd8 26. Ng4 Nf4 27. Kh2 h5 28. Nh6+ Kh7 29. Nf5 Rxf2 30. Rg3 Qd2 31. Qxd2 Rxd2 32. Ra7 Rb6 33. Rg7+ Kh8 34. Bb1 Rxb2 35. Rxf7 Rxg2+ 36. Kh1 Rb2 37. Rf8+ Kh7 38. Ba2 Nxh3 39. Rf7+ Kg8 40. Nh6+ Kh8 41. Rfxb7 Rxb7 42. Rxb7 Rxa2 43. Nf7+ Kg8 1/2-1/2

[Event "Washington State-ch"]
[Site "Seattle"]
[Date "2014.02.08"]
[Round "2"]
[White "Golub, David"]
[Black "He, Daniel Ming"]
[Result "1/2-1/2"]
[WhiteElo "2184"]
[BlackElo "2179"]
[PlyCount "96"]
[EventDate "2014.02.08"]
[EventType "tourn"]
[EventRounds "9"]
[EventCountry "USA"]
[SourceTitle "EXT 2017"]
[Source "ChessBase"]
[SourceDate "2016.10.25"]
[SourceVersion "1"]
[SourceVersionDate "2016.10.25"]
[SourceQuality "1"]

1. e4 c5 2. Nf3 e6 3. Nc3 a6 4. g3 Qc7 5. Bg2 d6 6. 0-0 Nf6 7. d4 cxd4 8. Nxd4 Nbd7 9. f4 Be7 10. Re1 0-0 11. Be3 Nb6 12. Bf2 g6 13. h3 e5 14. Nde2 h5 15. b3 Be6 16. a4 Rac8 17. Nd5 Nbxd5 18. exd5 Bf5 19. c4 Ne4 20. Bxe4 Bxe4 21. Nd4 Bxd5 22. cxd5 exd4 23. Bxd4 Qd7 24. Ra2 Bd8 25. g4 Ba5 26. Re3 Rfe8 27. Rxe8+ Rxe8 28. Qf3 hxg4 29. hxg4 Qe7 30. Rc2 Qh4 31. Kg2 Qe7 32. Rf2 Be1 33. Rf1 f6 34. Rh1 Qe4 35. Qxe4 Rxe4 36. Bxf6 Rxf4 37. g5 Bh4 38. Kh3 Bf2 39. Rc1 Bc5 40. Rc3 Re4 41. Kg2 Re3 42. Rxe3 Bxe3 43. Kf3 Bc5 44. Ke4 Kf7 45. Kd3 Ke8 46. Kc4 Kd7 47. Bd4 Bxd4 48. Kxd4 b6 1/2-1/2

[Event "Washington State-ch Premier"]
[Site "Seattle"]
[Date "2011.02.13"]
[Round "4"]
[White "Lapid Shafriri, Gil"]
[Black "Golub, David"]
[Result "1/2-1/2"]
[WhiteElo "2133"]
[BlackElo "2141"]
[PlyCount "74"]
[EventDate "2011.02.12"]
[EventType "tourn"]
[EventRounds "9"]
[EventCountry "USA"]
[SourceTitle "EXT 2017"]
[Source "ChessBase"]
[SourceDate "2016.10.25"]
[SourceVersion "1"]
[SourceVersionDate "2016.10.25"]
[SourceQuality "1"]

1. d4 Nf6 2. c4 c5 3. e3 g6 4. Nf3 Bg7 5. Nc3 0-0 6. Be2 d6 7. 0-0 e6 8. a3 Na6 9. Rb1 b6 10. b4 d5 11. bxc5 bxc5 12. cxd5 exd5 13. Qa4 c4 14. Bd2 Qd6 15. Rb2 Bd7 16. Qa5 Rab8 17. Rfb1 Bf5 18. Rxb8 Nxb8 19. Rb2 Nc6 20. Qa6 Bc8 21. Qa4 Nd7 22. Qb5 Nb6 23. a4 Bd7 24. Qa6 Nb4 25. Qa5 Nc6 26. Qa6 Qa3 27. Ra2 Qe7 28. Rb2 Qa3 29. Ra2 Qe7 30. Rb2 Rb8 31. a5 Bc8 32. Qb5 Qd6 33. Qc5 Qxc5 34. dxc5 Bxc3 35. Bxc3 Na4 36. Rxb8 Nxb8 37. Bd4 Bd7 1/2-1/2

[Event "Washington State-ch Premier"]
[Site "Seattle"]
[Date "2011.02.12"]
[Round "2"]
[White "Pupols, Viktors"]
[Black "Golub, David"]
[Result "1-0"]
[WhiteElo "2181"]
[BlackElo "2141"]
[PlyCount "137"]
[EventDate "2011.02.12"]
[EventType "tourn"]
[EventRounds "9"]
[EventCountry "USA"]
[SourceTitle "EXT 2017"]
[Source "ChessBase"]
[SourceDate "2016.10.25"]
[SourceVersion "1"]
[SourceVersionDate "2016.10.25"]
[SourceQuality "1"]

1. c4 Nf6 2. Nc3 e5 3. Nf3 Nc6 4. e4 d6 5. d3 g6 6. Be2 Bg7 7. h3 0-0 8. Bg5 h6 9. Be3 Nd7 10. Qd2 Kh7 11. g4 Nc5 12. Rg1 Nd4 13. Nb5 Nxe2 14. Qxe2 c6 15. Nc3 Ne6 16. Bd2 a6 17. Rg3 b5 18. Kf1 Nf4 19. Qe3 h5 20. Ne2 h4 21. Rg1 g5 22. Rh1 Be6 23. b3 a5 24. Rc1 Bf6 25. Nxf4 exf4 26. Qe2 a4 27. d4 Re8 28. Qd3 Kg8 29. Kg2 d5 30. cxd5 cxd5 31. e5 Be7 32. Qxb5 axb3 33. axb3 Qb8 34. Qd3 Ra3 35. Rb1 Qb6 36. Rb2 Rb8 37. Rhb1 Qb5 38. Qxb5 Rxb5 39. b4 Bxg4 40. Rb3 Rxb3 41. Rxb3 Bf5 42. Ne1 Kg7 43. f3 Kg6 44. Nd3 Bxd3 45. Rxd3 f6 46. Ra3 fxe5 47. dxe5 d4 48. Ra5 Rxa5 49. bxa5 Kf5 50. a6 Bc5 51. Bb4 Ba7 52. Be7 Kg6 53. Kf1 Kf5 54. Ke2 Kxe5 55. Bxg5 Kd5 56. Kd3 Kc5 57. Bxh4 Kb5 58. Bf6 Kxa6 59. h4 Bc5 60. Bxd4 Bf8 61. Ke4 Kb5 62. Kxf4 Kc6 63. Kf5 Kd6 64. Kg6 Kd5 65. Bb2 Kc4 66. f4 Kd5 67. f5 Ke4 68. h5 Kf4 69. Bg7 1-0